<?xml version="1.0" encoding="UTF-8"?><?xml-stylesheet type="text/xsl" href="static/style.xsl"?><OAI-PMH xmlns="http://www.openarchives.org/OAI/2.0/" xmlns:xsi="http://www.w3.org/2001/XMLSchema-instance" xsi:schemaLocation="http://www.openarchives.org/OAI/2.0/ http://www.openarchives.org/OAI/2.0/OAI-PMH.xsd"><responseDate>2026-06-04T11:57:08Z</responseDate><request verb="GetRecord" identifier="oai:recam.amb.cat:20.500.14439/4766" metadataPrefix="marc">https://recam.amb.cat/rest/oai/request</request><GetRecord><record><header><identifier>oai:recam.amb.cat:20.500.14439/4766</identifier><datestamp>2026-04-28T23:45:21Z</datestamp><setSpec>com_20.500.14439_2794</setSpec><setSpec>com_20.500.14439_113</setSpec><setSpec>col_20.500.14439_4201</setSpec></header><metadata><record xmlns="http://www.loc.gov/MARC21/slim" xmlns:dcterms="http://purl.org/dc/terms/" xmlns:xsi="http://www.w3.org/2001/XMLSchema-instance" xmlns:doc="http://www.lyncode.com/xoai" xsi:schemaLocation="http://www.loc.gov/MARC21/slim http://www.loc.gov/standards/marcxml/schema/MARC21slim.xsd">
   <leader>00925njm 22002777a 4500</leader>
   <datafield ind2=" " ind1=" " tag="042">
      <subfield code="a">dc</subfield>
   </datafield>
   <datafield ind2=" " ind1=" " tag="720">
      <subfield code="a">Institut d'Estudis Regionals i Metropolitans de Barcelona</subfield>
      <subfield code="e">author</subfield>
   </datafield>
   <datafield ind2=" " ind1=" " tag="260">
      <subfield code="c">1998-09-01</subfield>
   </datafield>
   <datafield ind2=" " ind1=" " tag="520">
      <subfield code="a">El present treball pretén, contribuir al coneixement de la realitat metropolitana de Barcelona, aplegant i ordenant en una sola publicació de fàcil consulta algunes de les informacions bàsiques i paràmetres més rellevants en què es manifesta la configuració i l'evolució de l'espai metropolità. Com a àmbit de referència s'ha considerat el dels 163 municipis que conformen la Regió o Àmbit metropolità establert pel Pla Territorial General de Catalunya, al qual s'estenen avui les principals dinàmiques demogràfiques, econòmiques i urbanístiques de l'aglomeració de Barcelona.

S'ha optat per un recull selectiu de dades de nivell municipal -el màxim detall disponible per a la majoria d'informacions estadístiques- i la seva elaboració en forma d'indicadors i de gràfics. Així, s'ha buscat no tant l'exhaustivitat de les xifres com la seva intencionalitat i utilitat, per tal de facilitar-ne les comparacions i les interpretacions. També s'ha tingut en compte que es tractés de les dades més recents en cada tema, i que fossin disponibles per a tots els municipis de l'àmbit considerat.</subfield>
   </datafield>
   <datafield ind1="8" ind2=" " tag="024">
      <subfield code="a">https://hdl.handle.net/20.500.14439/4766</subfield>
   </datafield>
   <datafield tag="653" ind2=" " ind1=" ">
      <subfield code="a">Estadístiques</subfield>
   </datafield>
   <datafield tag="653" ind2=" " ind1=" ">
      <subfield code="a">Municipis</subfield>
   </datafield>
   <datafield ind2="0" ind1="0" tag="245">
      <subfield code="a">Indicadors estadístics municipals. Papers, 30</subfield>
   </datafield>
</record></metadata></record></GetRecord></OAI-PMH>